000 00855aam a2200325 4500
005 20260422175042.0
008 150521b2003 xxu||||| |||| 00| 0 spa d
020 _a9508083204
041 _aESP
082 _a371.102 G124g
100 _aGadino, Alfredo
_918791
245 _aGestionar el conocimiento: estrategias de enseñanza y aprendizaje
260 _aArgentina
260 _bHomosapiens
260 _c2003
300 _a122 páginas
490 _aTemática General
650 _aENSEÑANZA
650 _aESTRATEGIAS DE ENSEÑANZA
650 _aCONOCIMIENTO
650 _aINTERSECCIÓN
650 _aPENSAMIENTO
650 _aACCIÓN
650 _aDESEQUILIBRIO
650 _aALTERNATIVAS DE SOLUCIÓN
650 _aTOMA DE DESICIÓN
650 _aESTRATEGIAS POR ÁREAS
650 _aPROCESOS MENTALES
942 _cBK
_2ddc
999 _c2182
_d2182